00623 a2200181 4500001000700000003000400007005001700011008004100028082002100069100002000090245006000110260003900170300001000209653007700219942001200296999001500308952011800323069100OSt20220409124705.0  a658.400954bS64C1 aSinha, Jai B.P.1 aCulture and organizational behaviourcby Jai B.P. Sinha aNew DelhibSage Publicationsc2008 a426p. aIndia; Culture; Manners and customs; Management; Organizational behavior 2ddccBK c2710d2710 00102ddc40708TXBaCURAJbCURAJd2012-03-07eMGMg395.00l0o658.400954 S64Cp3387r2024-11-21w2020-09-02yBK